Statistiques concernant Reconnaitrez-vous ces personnalités... ? #1 (hommes)

Cliquez ici pour prendre le quiz!

Statistiques générales

  • Ce quiz a été pris 244 fois
  • Le résultat moyen est 5 sur 10

Statistiques - réponses

QuestionRéponse% Correct
TUTO : Il s'agit de Franck Dubosc.Vrai
97%
Il s'agit de Jamel Debbouze.Faux, c'est Kev Adams
81%
Il s'agit d'un auto-portrait de ColucheFaux, il s'agit de Christophe Colomb
76%
Il s'agit d'Igor Bogdanoff.Faux, Il s'agit de Grichka
58%
Il s'agit de Charles de Gaules.Faux, c'est Charles de Gaulle
50%
Il s'agit de Gad Ehlmaleh.Faux, c'est Gad Elmaleh
44%
Mais non !! C'est lui Louis XVI !!Vrai, mais la tête de Danton a aussi été montrée à la foule !!
33%
Il s'agit de Louis XVI.Faux, c'est Danton
26%
Il s'agit de Gaspard Ulliel.Faux, c'est Marc-André Grondin
24%
Il s'agit de Louis XIV.Faux, c'est carrément son arrière-petit-fils Louis XV
17%

Distribution des résultats

Percentile par nombre de réponses

% des personnes avec chaque résultat

Votre développement - résultats

Vous n’avez pas pris ce quiz